<?xml version="1.0" encoding="UTF-8"?>
<marc:record xmlns:marc="http://www.loc.gov/MARC21/slim">
   <marc:leader>00000nam a2200000 a 4500</marc:leader>
   <marc:datafield ind1="1" ind2=" " tag="100">
      <marc:subfield code="a">Moosbeckhofer, Rudolf</marc:subfield>
      <marc:subfield code="4">aut</marc:subfield>
      <marc:subfield code="e">Verfasser/-in</marc:subfield>
   </marc:datafield>
   <marc:datafield ind1="0" ind2="0" tag="245">
      <marc:subfield code="a">Der erfolgreiche Imker</marc:subfield>
   </marc:datafield>
   <marc:datafield ind1=" " ind2="1" tag="264">
      <marc:subfield code="b">Stocker</marc:subfield>
      <marc:subfield code="c">2012</marc:subfield>
   </marc:datafield>
   <marc:datafield ind1="1" ind2=" " tag="520">
      <marc:subfield code="a">Leitfaden mit allen wichtigen Aspekten der Bienenhaltung und ausführlicher Darstellung der Trachtpflanzen. Besonders auffällig ist die ausführliche Darstellung der Trachtpflanzen. Darüber hinaus werden die wesentlichen Themen von der Standortsuche über die Bienenprodukte und jahreszeitlichen Arbeitsschritte bis hin zu den Krankheiten gut verständlich vorgestellt Die rechtlichen Regelungen gelten für Österreich.</marc:subfield>
   </marc:datafield>
   <marc:datafield ind1="3" ind2=" " tag="024">
      <marc:subfield code="a">9783702013493</marc:subfield>
   </marc:datafield>
</marc:record>
